Graph theory as I have known it / (Record no. 29976)

000 -LEADER
fixed length control field 00698 a2200193 4500
020 ## - INTERNATIONAL STANDARD BOOK NUMBER
International Standard Book Number 0198502516
020 ## - INTERNATIONAL STANDARD BOOK NUMBER
International Standard Book Number 9780198502517
082 04 - DEWEY DECIMAL CLASSIFICATION NUMBER
Classification number 511.5
090 ## - LOCALLY ASSIGNED LC-TYPE CALL NUMBER (OCLC); LOCAL CALL NUMBER (RLIN)
-- 1364
-- 1364
100 1# - MAIN ENTRY--PERSONAL NAME
Personal name Tutte, W. T.
245 10 - TITLE STATEMENT
Title Graph theory as I have known it /
Statement of responsibility, etc. W. T. Tutte.
260 ## - PUBLICATION, DISTRIBUTION, ETC.
Place of publication, distribution, etc. [S.l.] :
Name of publisher, distributor, etc. Oxford University Press, USA,
Date of publication, distribution, etc. 1998.
300 ## - PHYSICAL DESCRIPTION
Extent 168 p. ;
Dimensions 25 cm.
490 1# - SERIES STATEMENT
Series statement Oxford lecture series in mathematics and its applications.
700 ## - ADDED ENTRY--PERSONAL NAME
Personal name Tutte, W. T.
830 #0 - SERIES ADDED ENTRY--UNIFORM TITLE
Uniform title Oxford lecture series in mathematics and its applications.
942 ## - ADDED ENTRY ELEMENTS (KOHA)
Institution code [OBSOLETE] SNS
Koha item type Book
Call number prefix 511.5 TUT
Holdings
Withdrawn status Lost status Damaged status Not for loan Permanent Location Current Location Date acquired Total Checkouts Full call number Barcode Date last seen Price effective from Koha item type
        School of Natural Sciences (SNS) School of Natural Sciences (SNS) 05/26/2016   511.5 TUT SNS0000507 05/26/2016 05/26/2016 Book
© 2023 Central Library, National University of Sciences and Technology. All Rights Reserved.